000 00331nam a2200133Ia 4500
008 150301s2015 xx 000 0 und d
082 _a615.19
_bH10J
100 _aPREM KUMAR JAUSWAL
245 _aHIGH PERFORMANCE THIN LAYER CHROMATOGRAPHY
260 _bCBS- DELHI
300 _a385
650 _aCHROMATOGRAPHY
942 _2ddc
_cBK
999 _c7235
_d7235